<?xml version="1.0" encoding="UTF-8"?><?xml-stylesheet type="text/xsl" href="static/style.xsl"?><OAI-PMH xmlns="http://www.openarchives.org/OAI/2.0/" xmlns:xsi="http://www.w3.org/2001/XMLSchema-instance" xsi:schemaLocation="http://www.openarchives.org/OAI/2.0/ http://www.openarchives.org/OAI/2.0/OAI-PMH.xsd"><responseDate>2026-06-04T04:41:53Z</responseDate><request verb="GetRecord" identifier="oai:riuma.uma.es:10630/44713" metadataPrefix="marc">https://riuma.uma.es/rest/oai/request</request><GetRecord><record><header><identifier>oai:riuma.uma.es:10630/44713</identifier><datestamp>2026-02-03T10:55:11Z</datestamp><setSpec>com_10630_2254</setSpec><setSpec>col_10630_37953</setSpec></header><metadata><record xmlns="http://www.loc.gov/MARC21/slim" xmlns:dcterms="http://purl.org/dc/terms/" xmlns:doc="http://www.lyncode.com/xoai" xmlns:xsi="http://www.w3.org/2001/XMLSchema-instance" xsi:schemaLocation="http://www.loc.gov/MARC21/slim http://www.loc.gov/standards/marcxml/schema/MARC21slim.xsd">
   <leader>00925njm 22002777a 4500</leader>
   <datafield ind2=" " ind1=" " tag="042">
      <subfield code="a">dc</subfield>
   </datafield>
   <datafield ind2=" " ind1=" " tag="720">
      <subfield code="a">Álvarez-Roa, María</subfield>
      <subfield code="e">author</subfield>
   </datafield>
   <datafield ind2=" " ind1=" " tag="720">
      <subfield code="a">Álvarez-Roa, Carmen</subfield>
      <subfield code="e">author</subfield>
   </datafield>
   <datafield ind2=" " ind1=" " tag="720">
      <subfield code="a">Fernández-Aragón, F.</subfield>
      <subfield code="e">author</subfield>
   </datafield>
   <datafield ind2=" " ind1=" " tag="720">
      <subfield code="a">Raddo, Thiago</subfield>
      <subfield code="e">author</subfield>
   </datafield>
   <datafield ind2=" " ind1=" " tag="720">
      <subfield code="a">Garrido-Balsells, José María</subfield>
      <subfield code="e">author</subfield>
   </datafield>
   <datafield ind2=" " ind1=" " tag="720">
      <subfield code="a">Tafur-Monroy, I.</subfield>
      <subfield code="e">author</subfield>
   </datafield>
   <datafield ind2=" " ind1=" " tag="720">
      <subfield code="a">Jurado-Navas, Antonio</subfield>
      <subfield code="e">author</subfield>
   </datafield>
   <datafield ind2=" " ind1=" " tag="260">
      <subfield code="c">2022</subfield>
   </datafield>
   <datafield ind2=" " ind1=" " tag="520">
      <subfield code="a">This paper presents a complete analytical framework for obtaining the performance associated with a free-space optical (FSO) communication system with a spatial diversity and equal gain-combining technique. The system is affected by gamma–gamma scintillations with different realistic degrees of channel correlation depending only on the physical parameters of the link. We derive new analytical closed-form expressions for the average bit error rate (ABER) considering different scenarios to provide very realistic behavior of the system including different numbers of FSO receivers in several geometric configurations, with different receiving areas, different path lengths, and a variety of turbulence conditions. Furthermore, a very accurate approximate closed-form expression is also derived for the ABER of any generic coding scheme with either a very complex or, directly, no closed-form expression for its associated conditional BER that is first obtained in the ideal case of absence of turbulence. Numerical results via Monte Carlo simulation are provided to corroborate the validity of all the derived analytical expressions.</subfield>
   </datafield>
   <datafield ind1="8" ind2=" " tag="024">
      <subfield code="a">M. Álvarez-Roa, C. Álvarez-Roa, F. Fernández-Aragón, T. Raddo, J. M. Garrido-Balsells, I. Tafur-Monroy, and A. Jurado-Navas, "Performance analysis of atmospheric optical communication systems with spatial diversity affected by correlated turbulence," J. Opt. Commun. Netw. 14, 524-539 (2022)</subfield>
   </datafield>
   <datafield ind1="8" ind2=" " tag="024">
      <subfield code="a">https://hdl.handle.net/10630/44713</subfield>
   </datafield>
   <datafield ind1="8" ind2=" " tag="024">
      <subfield code="a">10.1364/JOCN.454667</subfield>
   </datafield>
   <datafield tag="653" ind2=" " ind1=" ">
      <subfield code="a">Sistemas de comunicación inalámbricos</subfield>
   </datafield>
   <datafield tag="653" ind2=" " ind1=" ">
      <subfield code="a">Turbulencia atmosférica</subfield>
   </datafield>
   <datafield ind2="0" ind1="0" tag="245">
      <subfield code="a">Performance analysis of atmospheric optical communication systems with spatial diversity affected by correlated turbulence</subfield>
   </datafield>
</record>
</metadata></record></GetRecord></OAI-PMH>